000 00357nam a2200169Ia 4500
100 _aErickson/Robert W
650 _aPower electronics
250 _a2
942 _cBK
366 _f25
245 _aFundamentals Of Power Electronics
260 _bSpringer
_c2001
082 _a621.317
_bERI
300 _a883
546 _aENGLISH
_cTTL
999 _c31924
_d31924